<?xml version="1.0" encoding="UTF-8"?>
<collection xmlns="http://www.loc.gov/MARC21/slim">
 <record>
  <leader>00770ntm a2200169 i 4500</leader>
  <controlfield tag="001">misc73319</controlfield>
  <controlfield tag="005">20241018090745.0</controlfield>
  <controlfield tag="008">240503s1988    hu      o     000   eng d</controlfield>
  <datafield tag="040" ind1=" " ind2=" ">
   <subfield code="a">SZTE Miscellanea Repozitórium</subfield>
   <subfield code="b">hun</subfield>
  </datafield>
  <datafield tag="041" ind1=" " ind2=" ">
   <subfield code="a">eng</subfield>
  </datafield>
  <datafield tag="100" ind1="1" ind2=" ">
   <subfield code="a">Regis Ed</subfield>
  </datafield>
  <datafield tag="245" ind1="1" ind2="2">
   <subfield code="a">A cut lemon doesn’t turn brown </subfield>
   <subfield code="h">[elektronikus dokumentum] :</subfield>
   <subfield code="b">[The New York Times : book review : Ralph W. Moss: Free radical. Albert Szent-Gyorgyi and the battle over vitamin C] /</subfield>
   <subfield code="c"> Regis Ed</subfield>
  </datafield>
  <datafield tag="260" ind1=" " ind2=" ">
   <subfield code="c">1988-03-06</subfield>
  </datafield>
  <datafield tag="561" ind1=" " ind2=" ">
   <subfield code="a">Szent-Györgyi Alberttel kapcsolatos vegyes dokumentumok</subfield>
  </datafield>
  <datafield tag="591" ind1=" " ind2=" ">
   <subfield code="a">Patkós István, Buják egykori polgármesterétől kapott anyag</subfield>
  </datafield>
  <datafield tag="695" ind1=" " ind2=" ">
   <subfield code="a">Életrajz, Nekrológ, Szent-Györgyi Albert</subfield>
  </datafield>
  <datafield tag="856" ind1="4" ind2="0">
   <subfield code="u">http://misc.bibl.u-szeged.hu/73319/1/szgya_04_001.pdf</subfield>
   <subfield code="z">Dokumentum-elérés </subfield>
  </datafield>
 </record>
</collection>
